O meu primeiro Larousse do mundo (Registo nº 4089)

Detalhes MARC
000 -Etiqueta do registo
Cabeçalho 00711nam a2200241 4500
005 - Identificador da versão
Campo de controlo 20240904095925.0
010 ## - Número internacional normalizado dos livros (ISBN)
Número (ISBN) 9896250499
021 ## - Número do Depósito Legal
Código do país PT
Número 240301/06
100 ## - Dados gerais de processamento
Dados gerais de processamento 20080212d2006 dc y0pory5003 ba
101 1# - Língua de publicação
Língua do texto, banda sonora, etc. Português
Língua do documento no original Francês
102 ## - Pais de publicação ou produção
País de publicação Portugal
200 1# - Titulo e menção de responsabilidade
Título próprio O meu primeiro Larousse do mundo
Primeira menção de responsabilidade dir. Dominique Korach
Outras menções de responsabilidade trad. Maria Luísa Condeço
-- il. Peter Allen
205 ## - Menção da edição
Menção da edição 1ª ed
210 ## - Publicação, Distribuição, etc. 
Lugar da edição, distribuição, etc. Lisboa
Nome do editor, distribuidor, etc. Campo das Letras
Data da publicação, distribuição, etc. 2006
215 ## - Descrição física 
Indicação específica da natureza do documento e extensão da espécie 159 p.
Outras indicações físicas muito il.
Dimensões 25 cm
225 1# - Colecção 
Título próprio da colecção O meu primeiro Larousse
Indicação de volume 5
675 ## - Classificação Decimal Universal (CDU)
Notação 91
Edição BN
Língua da edição por
702 #1 - Nome de autor-pessoa física (responsabilidade secundária)
Número de registo de entrada de autoridade 0000660
Palavra de ordem Korach
Outra parte do nome não tomada para palavra de ordem Dominique
Código de função Diretor / Director teatral / Realizador
Número de registo de entrada de autoridade 0000661
Palavra de ordem Condeço
Outra parte do nome não tomada para palavra de ordem Maria Luísa
Código de função Tradutor
Número de registo de entrada de autoridade 0000662
Palavra de ordem Allen
Outra parte do nome não tomada para palavra de ordem Peter
Código de função Ilustrador / Técnico de desenho computorizado
942 ## - Elementos de entrada adicionados (Koha)
Tipo de item no Koha Livro
Exemplares
Situação do levantamento Origin of item (home branch) (coded) Biblioteca de empréstimo Código de barras Cota Circulation type (not for loan) Tipo de documento Nota do exemplar Damaged status
  Biblioteca Escolar das Vendas Biblioteca Escolar das Vendas BEV1761 9GEO LAN   Livro Sem mensagem